Deliberación pública y desarrollo económico. Diez experiencias de toma de decisión comunitaria en América Latina /
محفوظ في:
| المؤلف الرئيسي: | |
|---|---|
| مؤلفون آخرون: | |
| التنسيق: | نص |
| منشور في: |
Bogotá:
Nueva Editorial
|
| الموضوعات: | |
| الوسوم: |
إضافة وسم
لا توجد وسوم, كن أول من يضع وسما على هذه التسجيلة!
|
MARC
| LEADER | 00000 a a2200000 04500 | ||
|---|---|---|---|
| 001 | 31377 | ||
| 003 | |||
| 040 | |||
| 020 | |a 958-682-489-6 | ||
| 090 | |a 198005 | ||
| 100 | |a Murillo, Gabriel | ||
| 245 | |a Deliberación pública y desarrollo económico. Diez experiencias de toma de decisión comunitaria en América Latina / |c Gabriel Murillo | ||
| 260 | |a Bogotá: |b Nueva Editorial | ||
| 300 | |a 228 p. | ||
| 650 | |a PARTICIPACION SOCIAL | ||
| 650 | |a DESCENTRALIZACION | ||
| 650 | |a GRUPOS ETNICOS | ||
| 650 | |a SOCIEDAD CIVIL | ||
| 650 | |a GASTOS PUBLICOS | ||
| 650 | |a DESARROLLO DE LA COMUNIDAD | ||
| 650 | |a CAPACITACION | ||
| 700 | |a comp. |a Pizano, Lariza |a comp. |a Casas, Carolina |a comp. | ||
| 999 | |c 12085 |d 12085 | ||



